| 000 | 01103nmm a2200325 a 4500 | ||
|---|---|---|---|
| 001 | ocm0002015566 | ||
| 003 | TR-IsHL | ||
| 005 | 20201028175950.0 | ||
| 008 | 181111s2018 tu tur | ||
| 007 | cr cn | ||
| 020 | _a9789944330534 | ||
| 035 |
_a2015566 _b(N$T) |
||
| 050 | 0 | 4 |
_aBF575.L8 _bA5319 2018 |
| 090 | 0 | 4 |
_aBF575.L8 _bA5319 2018 |
| 100 | 1 | _aAlberoni, Francesco | |
| 245 | 1 | 0 |
_aAşık olmak ve aşk _h[electronic resource] / _cFrancesco Alberoni ; İtalyancadan çeviren: Gül Çetinor Batuş |
| 250 | _a1. Basım | ||
| 260 |
_aİstanbul : _bTotem Yayınları, _c2018 |
||
| 300 | _a136 p. | ||
| 500 | _aYapıtın özgün adı : Innamoramento e amaore. | ||
| 650 | 4 | _aDil ve Edebiyat | |
| 650 | 4 | _aLanguage and Literature | |
| 650 | 0 |
_aAşk _x Psikolojik yönler |
|
| 650 | 0 |
_aLove _x psychological aspects |
|
| 650 | 0 | _aDeğişim (Psikoloj) | |
| 650 | 0 | _aChange (Psychology) | |
| 650 | 7 |
_a PSYCHOLOGY / Emotions _2bisacsh |
|
| 700 | 1 | _aBatuş, Gül Çetinor | |
| 856 | 4 | 0 | _uhttp://search.ebscohost.com/login.aspx?direct=true&scope=site&db=e011xww&AN=2015566 |
| 999 |
_c18920 _d18920 |
||